000
00331nam a22001337a 4500
008
170505b xxu||||| |||| 00| 0 eng d
020
_a
9780521819497
041
_a
eng
080
_a
341
100
_a
15
101
_a
SHJ
245
_a
UNITED STATES HEGEMONY AND THE FOUNDATIONS OF INTERNATIONAL LAW
_c
BYERS, M
942
_2
udc
_c
BK
999
_c
12730
_d
12730